<?xml version="1.0" encoding="UTF-8"?>
<record
    xmlns:xsi="http://www.w3.org/2001/XMLSchema-instance"
    xsi:schemaLocation="http://www.loc.gov/MARC21/slim http://www.loc.gov/standards/marcxml/schema/MARC21slim.xsd"
    xmlns="http://www.loc.gov/MARC21/slim">

  <leader>00610nam a22002057a 4500</leader>
  <controlfield tag="005">20180723144456.0</controlfield>
  <datafield tag="010" ind1=" " ind2=" ">
    <subfield code="a">B-698568</subfield>
  </datafield>
  <datafield tag="020" ind1=" " ind2=" ">
    <subfield code="a">9789352864867</subfield>
    <subfield code="c">749.00</subfield>
  </datafield>
  <datafield tag="035" ind1=" " ind2=" ">
    <subfield code="a">B-698568</subfield>
  </datafield>
  <datafield tag="037" ind1=" " ind2=" ">
    <subfield code="b">RK Books</subfield>
  </datafield>
  <datafield tag="082" ind1=" " ind2=" ">
    <subfield code="2">5th Edition</subfield>
    <subfield code="a">657</subfield>
  </datafield>
  <datafield tag="100" ind1=" " ind2=" ">
    <subfield code="a">Pathak,V Bharati</subfield>
  </datafield>
  <datafield tag="245" ind1=" " ind2=" ">
    <subfield code="a">Indian Financial System/</subfield>
    <subfield code="c">Bharati V. Pathak</subfield>
  </datafield>
  <datafield tag="250" ind1=" " ind2=" ">
    <subfield code="a">5th Edition</subfield>
  </datafield>
  <datafield tag="260" ind1=" " ind2=" ">
    <subfield code="a">UP Noida</subfield>
    <subfield code="b">Pearson Education Services pvt. Lid.</subfield>
    <subfield code="c">2018</subfield>
  </datafield>
  <datafield tag="270" ind1=" " ind2=" ">
    <subfield code="a">plot No-1,Block-C,Sector-16</subfield>
    <subfield code="b">UP Noida</subfield>
    <subfield code="e">201301</subfield>
  </datafield>
  <datafield tag="300" ind1=" " ind2=" ">
    <subfield code="a">863p.</subfield>
    <subfield code="c">28 c.m. (pbk)</subfield>
  </datafield>
  <datafield tag="500" ind1=" " ind2=" ">
    <subfield code="a">Index</subfield>
  </datafield>
  <datafield tag="942" ind1=" " ind2=" ">
    <subfield code="2">ddc</subfield>
    <subfield code="c">EN</subfield>
    <subfield code="e">5th Editon</subfield>
    <subfield code="h">657</subfield>
    <subfield code="m">PAT</subfield>
  </datafield>
  <datafield tag="999" ind1=" " ind2=" ">
    <subfield code="c">154618</subfield>
    <subfield code="d">154618</subfield>
  </datafield>
  <datafield tag="952" ind1=" " ind2=" ">
    <subfield code="0">0</subfield>
    <subfield code="1">0</subfield>
    <subfield code="3">RP Books</subfield>
    <subfield code="4">0</subfield>
    <subfield code="7">0</subfield>
    <subfield code="8">NFIC</subfield>
    <subfield code="a">L</subfield>
    <subfield code="b">L</subfield>
    <subfield code="d">2018-07-23</subfield>
    <subfield code="e">RK Books-154/25.06.2018/IN755/18-19/05.07.2018/12.07.2018</subfield>
    <subfield code="g">749.00</subfield>
    <subfield code="l">9</subfield>
    <subfield code="m">9</subfield>
    <subfield code="o">657 PAT</subfield>
    <subfield code="p">B-698568</subfield>
    <subfield code="q">2023-05-29</subfield>
    <subfield code="r">2023-05-15 00:00:00</subfield>
    <subfield code="s">2023-05-15</subfield>
    <subfield code="t">1</subfield>
    <subfield code="v">749.00</subfield>
    <subfield code="y">EN</subfield>
  </datafield>
</record>
